En plena colonia: Primer tomo
Guardat en:
| Autor principal: | |
|---|---|
| Format: | Llibre |
| Idioma: | espanyol |
| Publicat: |
Santiago
Sociedad Imprenta y Litografía Universo, Ahumada, 32
1930
|
| Edició: | 4a. ed |
| Col·lecció: | Leyendas y episodios chilenos, VI
|
| Matèries: | |
| Etiquetes: |
Afegir etiqueta
Sense etiquetes, Sigues el primer a etiquetar aquest registre!
|
MARC
| LEADER | 00000nam a2200000 a 4500 | ||
|---|---|---|---|
| 001 | UCJ4672 | ||
| 003 | CL-VaPUC | ||
| 008 | 070124e19300000CL |||||||||||||||||spa|d | ||
| 082 | 0 | 4 | |a 983 |b DIA |2 21 |
| 100 | 0 | |a Díaz Meza, Aurelio |e author |9 506889 | |
| 245 | 1 | 0 | |a En plena colonia: Primer tomo |
| 250 | |a 4a. ed | ||
| 300 | |a 317 p | ||
| 942 | |c BK | ||
| 945 | |d 20070124 00:00:00 |a rinostro | ||
| 260 | |a Santiago |b Sociedad Imprenta y Litografía Universo, Ahumada, 32 |c 1930 | ||
| 500 | |a En biblioteca, v. 1 | ||
| 650 | 7 | |a LEYENDAS |2 CL-VaPUC |9 265258 | |
| 650 | 7 | |a TRADICIONES |2 CL-VaPUC |9 367367 | |
| 650 | 7 | |a COLONIA |2 CL-VaPUC |9 508800 | |
| 650 | 0 | |a Cultura |9 269059 | |
| 650 | 0 | |a Historia local |9 266584 | |
| 650 | 7 | |a REFRANES |2 CL-VaPUC |9 373405 | |
| 650 | 0 | |a Historia de Chile |9 265473 | |
| 583 | |a last modification |c 20070124 00:00:00 |k Rodrigo Vera | ||
| 490 | 0 | |a Leyendas y episodios chilenos, VI | |
| 999 | |c 320788 |d 320786 | ||
| 952 | |0 0 |1 0 |4 0 |6 983_000000000000000_DIA_1930 |7 0 |8 X |9 399386 |a FDOBUD |b FDOBUD |d 2019-11-22 |h v.1 |i 1023039 |o 983 DIA 1930 |p 1023039 |r 2019-11-22 |w 2019-11-22 |y BK_X |k BUD | ||